|
|
|
|
| LEADER |
00000nab a2200000 a 4500 |
| 001 |
vtls010183659 |
| 003 |
SK-MaSNL |
| 005 |
20260303210321.0 |
| 008 |
140512c20100922xo ||||||||||||00 b|slo |
| 015 |
|
|
|a SNBRB2010/10
|2 snkbucl
|
| 038 |
|
|
|a SNKBUCL
|
| 040 |
|
|
|a SNKBUCL
|b slo
|c SNKBUCL
|e AACR2
|
| 041 |
0 |
|
|a slo
|
| 044 |
|
|
|a xo
|c SK
|
| 080 |
|
|
|a 78.079
|x (437.6)
|2 2001
|
| 100 |
1 |
|
|a Rehák, Oliver,
|d 1973-
|4 aut
|9 104655
|
| 245 |
1 |
0 |
|a Pondelková liga majstrov
|c Oliver Rehák
|
| 300 |
|
|
|b Fotogr.
|
| 600 |
1 |
7 |
|a Garbarek, Jan,
|d 1947-
|2 snkbucl
|9 1101147
|
| 611 |
2 |
7 |
|a Konvergencie
|n (11. :
|d 2010 :
|c Bratislava, Slovensko)
|2 snkbucl
|9 1241863
|
| 650 |
0 |
7 |
|a hudobné festivaly
|2 snkbucl
|9 2958
|
| 773 |
0 |
|
|t Sme
|g Roč. 18, č. 218 (22.9.2010)
|x 1335-440X
|
| 773 |
0 |
|
|t Kultúra
|g S. 17
|
| 852 |
|
|
|a SNK
|b KIS3GCP
|
| 856 |
4 |
1 |
|u http://dennik.sme.sk/vydanie/20100922/
|
| 958 |
|
|
|a SK
|
| 999 |
|
|
|c 2199765
|d 2201695
|